LEADER 01289nam a2200289 a 4500 001 000000131638 003 CaOOAMICUS 005 20121126112504.0 008 121126s1995 it u000 u ita r 040 $aPUL$bita 100 1 $aCavour, Camillo Benso,$cconte di,$d1810-1861.$0(OLS)http://pul/name/5537 245 12$aI due progressi :$bRisorgimento politico e riscatto economico /$cCamillo Cavour. 260 $aRoma :$bAtlantide editoriale,$c[1995] 300 $a132 p. ;$c21 cm 490 1 $aLiberallibri. Biblioteca del pensiero liberale ;$v08 650 4$aRisorgimento$zItalia$xStoria.$0(OLS)http://pul/subject/19092 651 4$aItalia$xPolitica e governo.$0(OLS)http://pul/subject/1166 830 0$aLiberallibri ;$v08.$0(OLS)http://pul/title/77860 850 $aPUL 852 $aPUL$W1$xDP1 Fondo E. Rossi$y115$m1 C 49$j33804$qFondi$B150860$CPULBib$Z2$F150860 $82 941 1 $a1 960 $aItalia$xStoria$yRisorgimento, 1815-1870$919092 960 $aItalia$xStoria$yRisorgimento, 1815-1870$919092 961 $aSul dorso collocazione ms. di E. Rossi: C 33 0 996 $6245$aI due progressi :$bRisorgimento politico e riscatto economico$9(OLS)http://pul/title/166313 996 $6260$aRoma :$bAtlantide editoriale$9(OLS)http://pul/publisher/69555 LEADER 01290nam a2200277 u 4500 001 000000067676 003 CaOOAMICUS 005 20070226121720.0 008 020214s1964 ne u000 u eng u 035 $a10920778 040 $aPUL(R)$bita 100 1 $aShehadi, Fadlou.$0(OLS)http://pul/name/45174 245 10$aGhazali's unique unknowable god :$ba philosophical critical analysis of some of the problems raised by Ghazali's view of God as utterly unique and unknowable /$cby Fadlou Shehadi. 260 $aLeiden :$bBrill,$c1964. 300 $a132 p. ;$c24 cm 500 $aContiene indici. 504 $a"Bibliography": p. [128]-130. 600 14$aGhazz?l?,$d1058-1111.$0(OLS)http://pul/subject/24384 740 0 $aUnique unknowable God. 850 $aPUL 852 $aPUL$W1$xSL Filosofia 1$y2$m97 H 34$j87553$nBK-PRI$b $qStampati$B87553$CPULBib$Z2$F87553 $H $81 941 1 $a8 961 $aINV: 30649 996 $6245$aGhazali's unique unknowable god :$ba philosophical critical analysis of some of the problems raised by Ghazali's view of God as utterly unique and unknowable$9(OLS)http://pul/title/89664 996 $6740$aUnique unknowable God$9(OLS)http://pul/title/89665 996 $6260$aLeiden :$bBrill$9(OLS)http://pul/publisher/47956